Diseño de bases de datos /

Guardado en:
Autor Principal: Wiederhold, Gio.
Formato: Libro
Idioma:Spanish
English
Publicado: México ; Buenos Aires : McGraw-Hill, c1985.
Edición:2ª ed (1ª ed. en español).
Etiquetas: Agregar Etiqueta
Sin Etiquetas, Sea el primero en etiquetar este registro!
LEADER 00746nam a22001935a 4500
001 MAT.inmabb004880
008 080724s1985####mx#a#####b####000#0#spa#d
005 20130418180653.0
245 1 0 |a Diseño de bases de datos /  |c Gio Wiederhold ; traducción: María de Lourdes Fournier García ; revisión técnica: Gerardo Quiroz Vieyra. 
250 |a 2ª ed (1ª ed. en español). 
260 |a México ;  |a Buenos Aires :  |b McGraw-Hill,  |c c1985. 
300 |a xx, 921 p. :  |b il. ;  |c 24 cm. 
500 |a Traducción de: Database design, c1983. 
504 |a Incluye referencias bibliográficas (p. [869-902]) e índice. 
020 |a 9684516517 
100 1 |a Wiederhold, Gio. 
084 |a 68P15  |2 msc2000 
041 1 |a spa  |h eng 
859 |h 68  |i W644  |p A-5794  |b BIB. MATEMATICA